[Event "Muensterland Verbandsklasse 1819"]
[Site "Germany"]
[Date "2019.03.09"]
[Round "7.6"]
[White "Steens, Rudolf"]
[Black "Hoppe, Nico"]
[Result "1/2-1/2"]
[WhiteElo "1779"]
[BlackElo "1652"]
[PlyCount "81"]
[EventDate "2018.09.15"]
[EventType "team-tourn"]
[EventRounds "9"]
[EventCountry "GER"]
[SourceTitle "EXT 2020"]
[Source "ChessBase"]
[SourceDate "2019.10.17"]
[SourceVersion "1"]
[SourceVersionDate "2019.10.17"]
[SourceQuality "1"]
[WhiteTeam "Nordwalde"]
[BlackTeam "Emsdetten Rochade III"]
[WhiteTeamCountry "GER"]
[BlackTeamCountry "GER"]

1. e4 c6 2. d3 d5 3. Nd2 g6 4. g3 Bg7 5. Bg2 dxe4 6. dxe4 Nf6 7. Ngf3 0-0 8. 0-0 Qc7 9. c3 Nbd7 10. Qc2 Ng4 11. h3 Nge5 12. Nxe5 Nxe5 13. f4 Nd7 14. Nb3 Nb6 15. Nd2 Be6 16. b3 Rad8 17. Bb2 Qd7 18. Rad1 Bxh3 19. Nf3 Qc8 20. c4 Bxb2 21. Qxb2 Bxg2 22. Kxg2 Rxd1 23. Rxd1 Rd8 24. Rxd8+ Qxd8 25. Qd2 Qxd2+ 26. Nxd2 Nd7 27. Kf3 Kg7 28. g4 e5 29. f5 Kf6 30. b4 c5 31. a3 b6 32. b5 Kg5 33. Nf1 Kf6 34. Ne3 Ke7 35. Nd5+ Kd8 36. g5 Nf8 37. Kg4 Kd7 38. Nf6+ Ke7 39. Nd5+ Kd7 40. Nf6+ Ke7 41. Nd5+ 1/2-1/2

[Event "Muensterland Verbandsklasse 1718"]
[Site "Germany"]
[Date "2018.02.17"]
[Round "6.5"]
[White "Steens, Rudolf"]
[Black "Busswolder, Peter"]
[Result "1/2-1/2"]
[WhiteElo "1784"]
[BlackElo "1758"]
[PlyCount "89"]
[EventDate "2017.09.16"]
[EventType "team-tourn"]
[EventRounds "9"]
[EventCountry "GER"]
[SourceTitle "EXT 2019"]
[Source "ChessBase"]
[SourceDate "2018.10.10"]
[SourceVersion "1"]
[SourceVersionDate "2018.10.10"]
[SourceQuality "1"]
[WhiteTeam "Nordwalde"]
[BlackTeam "Stadtlohn"]
[WhiteTeamCountry "GER"]
[BlackTeamCountry "GER"]

1. e4 c5 2. c3 d5 3. exd5 Qxd5 4. d4 e6 5. Nf3 Nf6 6. Bd3 Nc6 7. 0-0 cxd4 8. cxd4 Be7 9. Nc3 Qd8 10. Bg5 0-0 11. h3 Qb6 12. Na4 Qa5 13. a3 Rd8 14. b4 Qd5 15. Be3 b6 16. Nc3 Qd7 17. Bb5 Bb7 18. Ne5 Qc8 19. Bxc6 Bxc6 20. Rc1 Qb7 21. Nxc6 Qxc6 22. Qe2 Qb7 23. Rfd1 Rd7 24. Bf4 Rc8 25. Be5 Rcd8 26. Rd3 Ne8 27. Rcd1 Kf8 28. Bf4 Nf6 29. Be5 Nd5 30. Qf3 Nxc3 31. Qxb7 Rxb7 32. Rxc3 Rbd7 33. Rcd3 Rd5 34. Bf4 Bf6 35. Be3 e5 36. Kf1 exd4 37. Bc1 Ke8 38. Bb2 R8d7 39. g3 a5 40. bxa5 Rxa5 41. Rb3 Rd6 42. Rb1 Kd7 43. Bc1 Ra6 44. Ke2 Kc6 45. Kd3 1/2-1/2

[Event "Muensterland Verbandsklasse 1718"]
[Site "Germany"]
[Date "2017.12.16"]
[Round "4.5"]
[White "Steens, Rudolf"]
[Black "Miethe, Christoph"]
[Result "0-1"]
[WhiteElo "1784"]
[BlackElo "1708"]
[PlyCount "82"]
[EventDate "2017.09.16"]
[EventType "team-tourn"]
[EventRounds "9"]
[EventCountry "GER"]
[SourceTitle "EXT 2019"]
[Source "ChessBase"]
[SourceDate "2018.10.10"]
[SourceVersion "1"]
[SourceVersionDate "2018.10.10"]
[SourceQuality "1"]
[WhiteTeam "Nordwalde"]
[BlackTeam "Rheine Klein Berlin II"]
[WhiteTeamCountry "GER"]
[BlackTeamCountry "GER"]

1. e4 e5 2. Nc3 d6 3. f4 Nf6 4. Nf3 Bg4 5. Bc4 c6 6. a4 d5 7. fxe5 Nxe4 8. Be2 Bxf3 9. Nxe4 Bxe4 10. 0-0 Qg5 11. Bf3 Bxf3 12. Qxf3 Bc5+ 13. Kh1 Qg6 14. Qc3 Be7 15. Rf3 0-0 16. d4 Nd7 17. Rg3 Qe6 18. Qd3 c5 19. c3 cxd4 20. cxd4 Rac8 21. Bd2 a6 22. Qe3 Kh8 23. Rh3 f5 24. Rf1 g5 25. Qd3 Rf7 26. Rhf3 Rcf8 27. h3 g4 28. R3f2 Bh4 29. g3 Be7 30. h4 Nb6 31. b3 Nd7 32. a5 Nb8 33. Qe3 Nc6 34. Rb1 f4 35. gxf4 Qf5 36. Ra1 g3 37. Qxg3 Nxd4 38. Bc3 Ne6 39. Ra4 Rg8 40. Qf3 Bxh4 41. Rf1 Rg3 0-1

[Event "Muensterland Verbandsklasse 1516"]
[Site "Germany"]
[Date "2016.05.28"]
[Round "9.6"]
[White "Robers, Frank"]
[Black "Steens, Rudolf"]
[Result "0-1"]
[WhiteElo "1701"]
[BlackElo "1744"]
[PlyCount "44"]
[EventDate "2015.09.19"]
[EventType "team"]
[EventRounds "9"]
[EventCountry "GER"]
[SourceTitle "EXT 2017"]
[Source "ChessBase"]
[SourceDate "2016.10.25"]
[SourceVersion "1"]
[SourceVersionDate "2016.10.25"]
[SourceQuality "1"]
[WhiteTeam "Gescher"]
[BlackTeam "Nordwalde"]
[WhiteTeamCountry "GER"]
[BlackTeamCountry "GER"]

1. e4 e6 2. Qe2 Be7 3. f4 d5 4. d3 c5 5. Nf3 Nc6 6. g3 dxe4 7. dxe4 b6 8. Bg2 Bb7 9. c3 Qc7 10. Na3 a6 11. 0-0 Nf6 12. Nc4 b5 13. Nce5 Nxe5 14. Nxe5 Nd7 15. Qg4 0-0 16. Nxd7 Qxd7 17. f5 exf5 18. exf5 Bxg2 19. Kxg2 Rfd8 20. Bh6 Qc6+ 21. Rf3 Qxh6 22. Raf1 Rd2+ 0-1

[Event "Muensterland Verbandsklasse 1516"]
[Site "Germany"]
[Date "2016.01.23"]
[Round "5.7"]
[White "Steens, Rudolf"]
[Black "Kaiser, Guenter2222"]
[Result "1-0"]
[WhiteElo "1744"]
[BlackElo "1631"]
[PlyCount "39"]
[EventDate "2015.09.19"]
[EventType "team"]
[EventRounds "9"]
[EventCountry "GER"]
[SourceTitle "EXT 2017"]
[Source "ChessBase"]
[SourceDate "2016.10.25"]
[SourceVersion "1"]
[SourceVersionDate "2016.10.25"]
[SourceQuality "1"]
[WhiteTeam "Nordwalde"]
[BlackTeam "Ochtrup"]
[WhiteTeamCountry "GER"]
[BlackTeamCountry "GER"]

1. e4 c5 2. c3 e6 3. d4 d5 4. e5 Nc6 5. Nf3 Bd7 6. Bd3 Qb6 7. 0-0 cxd4 8. cxd4 f6 9. Nc3 Qc7 10. Re1 fxe5 11. dxe5 Bb4 12. Bd2 a6 13. a3 Bc5 14. Rc1 Qb6 15. Qe2 Nd4 16. Nxd4 Bxd4 17. Qh5+ g6 18. Bxg6+ Kd8 19. Bg5+ Ne7 20. Bxe7+ 1-0

[Event "Steinfurt Bezirksliga 1112"]
[Site "Germany"]
[Date "2012.02.04"]
[Round "5.3"]
[White "Lardinois, Wouter"]
[Black "Steens, Rudolf"]
[Result "1-0"]
[WhiteElo "1604"]
[BlackElo "1767"]
[PlyCount "53"]
[EventDate "2011.10.01"]
[EventType "team-tourn"]
[EventRounds "9"]
[EventCountry "GER"]
[SourceTitle "EXT 2013"]
[Source "ChessBase"]
[SourceDate "2012.11.22"]
[SourceVersion "1"]
[SourceVersionDate "2012.11.22"]
[SourceQuality "1"]
[WhiteTeam "Emsdetten Rochade III"]
[BlackTeam "Nordwalde II"]
[WhiteTeamCountry "GER"]
[BlackTeamCountry "GER"]

1. e4 e6 2. d4 d5 3. Nc3 Bb4 4. e5 c5 5. a3 cxd4 6. Qxd4 Nc6 7. Bb5 Ba5 8. Nf3 Nge7 9. 0-0 Bd7 10. Bxc6 Bxc6 11. b4 Bb6 12. Qg4 a6 13. Qxg7 Rg8 14. Qxh7 Qd7 15. Bg5 0-0-0 16. Bf6 Rg6 17. Ne2 Bb5 18. Rfe1 Bxe2 19. Rxe2 Rdg8 20. Nh4 Nf5 21. Nxg6 Rxg6 22. Qh8+ Kc7 23. c3 Kc6 24. a4 Bc7 25. b5+ axb5 26. axb5+ Kb6 27. Qa8 1-0

[Event "Muensterland Verbandsklasse-B 0607"]
[Site "Germany"]
[Date "2007.03.24"]
[Round "7.6"]
[White "Steens, Rudolf"]
[Black "Kaiser, Guenter1111"]
[Result "1-0"]
[WhiteElo "1826"]
[BlackElo "1688"]
[PlyCount "87"]
[EventDate "2006.09.23"]
[EventType "team"]
[EventRounds "9"]
[EventCountry "GER"]
[SourceTitle "EXT 2008"]
[Source "ChessBase"]
[SourceDate "2007.11.25"]
[SourceVersion "1"]
[SourceVersionDate "2007.11.25"]
[SourceQuality "1"]
[WhiteTeam "Nordwalde"]
[BlackTeam "Ochtrup"]
[WhiteTeamCountry "GER"]
[BlackTeamCountry "GER"]

1. e4 c5 2. c3 b6 3. d4 Bb7 4. f3 Nf6 5. Be3 cxd4 6. cxd4 Nc6 7. Nc3 d6 8. Bd3 g6 9. Nge2 Bg7 10. Qd2 0-0 11. Bh6 Rc8 12. Rc1 Nb4 13. Bb1 Ba6 14. Bxg7 Kxg7 15. a3 Nc6 16. Ba2 Na5 17. b3 b5 18. b4 Nc4 19. Bxc4 Rxc4 20. 0-0 Qb6 21. Kh1 Rfc8 22. e5 Nd7 23. Nd5 Qd8 24. exd6 exd6 25. Nec3 Nf6 26. Ne3 R4c7 27. d5 Nd7 28. Ne4 Ne5 29. Rxc7 Qxc7 30. f4 Nd7 31. f5 Ne5 32. fxg6 hxg6 33. Qf2 Qe7 34. Qg3 Kf8 35. Nf6 Qc7 36. Qh4 Qc3 37. Neg4 Qc4 38. Re1 Qc3 39. Nxe5 dxe5 40. Nd7+ Kg7 41. Qf6+ Kg8 42. Rf1 e4 43. Qxf7+ Kh8 44. Nf6 1-0

[Event "Muensterland Verbandsklasse-B 0607"]
[Site "Germany"]
[Date "2006.09.23"]
[Round "1.7"]
[White "Steens, Rudolf"]
[Black "Scharlow, Siegmar"]
[Result "1/2-1/2"]
[WhiteElo "1826"]
[BlackElo "1700"]
[PlyCount "113"]
[EventDate "2006.09.23"]
[EventType "team"]
[EventRounds "9"]
[EventCountry "GER"]
[SourceTitle "EXT 2008"]
[Source "ChessBase"]
[SourceDate "2007.11.25"]
[SourceVersion "1"]
[SourceVersionDate "2007.11.25"]
[SourceQuality "1"]
[WhiteTeam "Nordwalde"]
[BlackTeam "Nienberge"]
[WhiteTeamCountry "GER"]
[BlackTeamCountry "GER"]

1. e4 c5 2. c3 Nf6 3. e5 Nd5 4. d4 cxd4 5. Nf3 Nc6 6. cxd4 d6 7. Nc3 dxe5 8. dxe5 Nxc3 9. Qxd8+ Nxd8 10. bxc3 Nc6 11. Bb5 Bd7 12. a4 e6 13. Bg5 Be7 14. Rd1 a6 15. Bxe7 Kxe7 16. Bd3 Rac8 17. Bc2 Na5 18. Rd3 Nc4 19. 0-0 Nb2 20. Rd4 Rxc3 21. Be4 Rc7 22. Rb4 Nxa4 23. Rxb7 Rxb7 24. Bxb7 Nc5 25. Rb1 Rb8 26. Be4 Rxb1+ 27. Bxb1 Bc6 28. Nd4 Be4 29. Bxe4 Nxe4 30. Nc6+ Ke8 31. Kf1 Nc5 32. Ke2 Kd7 33. Na5 Kc7 34. Nc4 Nb7 35. Ke3 Kc6 36. Kd4 Kb5 37. Kc3 f6 38. f4 Kc5 39. g3 Kd5 40. Nb6+ Ke4 41. exf6 gxf6 42. Nd7 Kf5 43. h3 h5 44. Kd4 Nd6 45. Ke3 a5 46. Nc5 Nc4+ 47. Kf3 e5 48. g4+ Kg6 49. gxh5+ Kxh5 50. fxe5 Nxe5+ 51. Kf4 Kg6 52. h4 Nc4 53. h5+ Kf7 54. Ke4 Nb6 55. Kf5 a4 56. Nxa4 Nxa4 57. h6 1/2-1/2

[Event "Muensterland Verbandsklasse-A 0405"]
[Site "Muensterland"]
[Date "2005.03.19"]
[Round "8.7"]
[White "Wegner, Verena"]
[Black "Steens, Rudolf"]
[Result "1-0"]
[WhiteElo "1728"]
[BlackElo "1876"]
[PlyCount "49"]
[EventDate "2004.09.11"]
[EventType "team"]
[EventRounds "9"]
[EventCountry "GER"]
[SourceTitle "EXT 2006"]
[Source "ChessBase"]
[SourceDate "2005.11.24"]
[SourceVersion "1"]
[SourceVersionDate "2005.11.24"]
[SourceQuality "1"]
[WhiteTeam "Heiden II"]
[BlackTeam "Nordwalde"]
[WhiteTeamCountry "GER"]
[BlackTeamCountry "GER"]

1. e4 e6 2. d4 d5 3. e5 c5 4. c3 Nc6 5. Nf3 Qb6 6. a3 c4 7. g3 Na5 8. Nbd2 Bd7 9. Bg2 Be7 10. 0-0 h5 11. h4 0-0-0 12. Rb1 f5 13. exf6 gxf6 14. Re1 Nh6 15. b3 cxb3 16. Nxb3 Ba4 17. Bxh6 Nxb3 18. Bf4 Bxa3 19. Nd2 Nxd2 20. Qxd2 Qc6 21. Ra1 Bf8 22. c4 Bb3 23. cxd5 exd5 24. Bh3+ Rd7 25. Re8# 1-0

[Event "Muensterland Verbandsklasse-A 0304"]
[Site "Germany"]
[Date "2004.04.17"]
[Round "9.3"]
[White "Grawunder, Juergen"]
[Black "Steens, Rudolf"]
[Result "1/2-1/2"]
[WhiteElo "1949"]
[BlackElo "1880"]
[PlyCount "139"]
[EventDate "2003.09.20"]
[EventType "team"]
[EventRounds "9"]
[EventCountry "GER"]
[SourceTitle "EXT 2005"]
[Source "ChessBase"]
[SourceDate "2004.11.15"]
[SourceVersion "1"]
[SourceVersionDate "2004.11.15"]
[SourceQuality "1"]
[WhiteTeam "Sendenhorst"]
[BlackTeam "Nordwalde"]
[WhiteTeamCountry "GER"]
[BlackTeamCountry "GER"]

1. e4 e6 2. d3 d5 3. Nd2 Nf6 4. c3 c5 5. Qc2 Nc6 6. Be2 Be7 7. Ngf3 b5 8. b3 a5 9. a4 b4 10. c4 d4 11. h3 Qc7 12. Nf1 Bd6 13. Bd2 h6 14. 0-0-0 Bd7 15. Kb2 0-0-0 16. g3 Kb7 17. Ne1 e5 18. Qc1 Qc8 19. g4 g5 20. Ng3 Ne7 21. Ng2 Ng6 22. Nf5 Bxf5 23. gxf5 Nf4 24. Nxf4 exf4 25. Rdg1 Be5 26. Ka2 Nd7 27. h4 f6 28. Bh5 Bd6 29. Bf7 Ne5 30. Bd5+ Kb6 31. Qc2 Be7 32. Be1 Nf3 33. Rf1 Nxh4 34. f3 Nxf5 35. exf5 Qxf5 36. Bf2 Bd6 37. Re1 Be5 38. Rh5 Qg6 39. Reh1 f5 40. Qe2 Rde8 41. Qf1 Bg7 42. Be1 Re7 43. Bd2 Rhe8 44. Kb1 Qf6 45. Kc2 Re2 46. R1h2 R2e7 47. Qh1 Rh8 48. Kd1 Ka7 49. Re2 Rxe2 50. Kxe2 Re8+ 51. Kd1 Qg6 52. Rh2 Kb6 53. Rg2 Be5 54. Re2 Kc7 55. Qg2 Bd6 56. Rxe8 Qxe8 57. Qe2 Qxe2+ 58. Kxe2 Kd7 59. Kf2 Ke7 60. Kg2 g4 61. Be1 Be5 62. Bh4+ Bf6 63. Bxf6+ Kxf6 64. Bb7 Kg5 65. Bc8 h5 66. Bb7 h4 67. Bc8 h3+ 68. Kf2 g3+ 69. Kg1 Kf6 70. Bd7 1/2-1/2